000 00564cam a2200193 4500500
005 20260405003142.0
041 _afre
042 _adc
100 1 0 _aTenaillon, Nicolas
_eauthor
245 0 0 _aConsolation philosophique
260 _c2020.
500 _a74
690 _aConsolation
690 _aDeuil
690 _aMort
690 _aVincent Delecroix
786 0 _nPhilosophie magazine | 143 | 10 | 2020-10-01 | p. 68-68 | 1951-1787
856 4 1 _uhttps://shs.cairn.info/magazine-philosophie-magazine-2020-10-page-68?lang=fr&redirect-ssocas=7080
999 _c2064862
_d2064862